[Event "RUS-chT Men Rapid 2019"]
[Site "Sochi"]
[Date "2019.10.19"]
[Round "7.6"]
[White "Yuffa, Daniil"]
[Black "Potapov, Pavel"]
[Result "1-0"]
[WhiteElo "2577"]
[BlackElo "2489"]
[Annotator "ChessBase"]
[PlyCount "63"]
[EventDate "2019.10.18"]
[EventType "swiss"]
[EventCountry "RUS"]
[SourceTitle "playchess.com"]
[Source "ChessBase"]
[SourceQuality "1"]
[TimeControl "900+10"]

1. d4 {[%emt 0:00:00]} f5 {[%emt 0:00:00]} 2. Bg5 {[%emt 0:00:00]} h6 {[%emt 0:00:07]} 3. Bh4 {[%emt 0:00:00]} g5 {[%emt 0:00:08]} 4. e3 {[%emt 0:00:00]} Nf6 {[%emt 0:00:07]} 5. Bg3 {[%emt 0:00:01]} d6 {[%emt 0:00:04]} 6. Nc3 {[%emt 0:00:39]} c6 {[%emt 0:00:40]} 7. h4 {[%emt 0:00:14]} Rg8 {[%emt 0:00:13]} 8. hxg5 {[%emt 0:00:22]} hxg5 {[%emt 0:00:02]} 9. Bc4 {[%emt 0:01:12]} e6 {[%emt 0:00:21]} 10. f3 {[%emt 0:00:23]} Qe7 {[%emt 0:01:18]} 11. e4 {[%emt 0:00:49]} d5 {[%emt 0:01:09]} 12. Bd3 {[%emt 0:00:12]} f4 {[%emt 0:02:27]} 13. Bf2 {[%emt 0:00:06]} b6 {[%emt 0:01:07]} 14. Qe2 {[%emt 0:02:23]} a5 {[%emt 0:01:26]} 15. O-O-O {[%emt 0:00:22]} Na6 {[%emt 0:00:52]} 16. g3 {[%emt 0:03:18]} Nb4 {[%emt 0:01:17]} 17. gxf4 {[%emt 0:00:14]} gxf4 {[%emt 0:00:58]} 18. Bh4 {[%emt 0:02:11]} Qf7 {[%emt 0:00:41]} 19. Nh3 {[%emt 0:00:55]} Nxd3+ {[%emt 0:01:17]} 20. cxd3 {[%emt 0:00:03]} Bb4 {[%emt 0:00:48]} 21. Na4 {[%emt 0:01:05]} dxe4 {[%emt 0:01:20]} 22. dxe4 {[%emt 0:00:14]} Ba6 {[%emt 0:00:07]} 23. Qc2 {[%emt 0:00:05]} Bb5 {[%emt 0:00:36]} 24. Nxb6 {[%emt 0:00:50]} Rb8 {[%emt 0:00:02]} 25. Nc4 {[%emt 0:00:34]} e5 {[%emt 0:00:55]} 26. Bxf6 {[%emt 0:01:33]} Bxc4 {[%emt 0:00:18]} 27. dxe5 {[%emt 0:00:15]} Bc5 {[%emt 0:00:28]} 28. Ng5 {[%emt 0:00:17]} Be3+ {[%emt 0:00:03]} 29. Kb1 {[%emt 0:00:04]} Bxa2+ {[%emt 0:00:30]} 30. Ka1 {[%emt 0:00:01]} Qc4 {[%emt 0:00:05]} 31. Rh7 {[%emt 0:00:48]} Bc5 {[%emt 0:00:20]} 32. Qd2 {[%emt 0:00:21]} 1-0

[Event "RUS-chT Men Rapid 2019"]
[Site "Sochi"]
[Date "2019.10.19"]
[Round "7.7"]
[White "Belyakov, Bogdan"]
[Black "Morozevich, Alexander"]
[Result "1-0"]
[WhiteElo "2495"]
[BlackElo "2659"]
[Annotator "RC"]
[PlyCount "131"]
[EventDate "2019.10.18"]
[EventType "swiss"]
[EventCountry "RUS"]
[SourceTitle "playchess.com"]
[Source "ChessBase"]
[SourceQuality "1"]
[TimeControl "900+10"]

1. e4 {[%emt 0:00:00]} e6 {[%emt 0:00:00]} 2. d4 {[%emt 0:00:00]} d5 {[%emt 0:00:00]} 3. Nc3 {[%emt 0:00:00]} Nf6 {[%emt 0:00:02]} 4. Bg5 {[%emt 0:00:00]} dxe4 {[%emt 0:00:13]} 5. Nxe4 {[%emt 0:00:05]} Be7 {[%emt 0:00:01]} 6. Bxf6 {[%emt 0:00:09]} gxf6 {[%emt 0:00:01]} 7. Nf3 {[%emt 0:00:03]} a6 {[%emt 0:00:01]} 8. g3 {[%emt 0:00:33]} b5 {[%emt 0:00:12]} 9. Bg2 {[%emt 0:00:02]} Bb7 {[%emt 0:00:01]} 10. Nc3 {[%emt 0:01:30]} c5 {[%emt 0:02:51]} 11. O-O {[%emt 0:00:54]} cxd4 {[%emt 0:00:27]} 12. Qxd4 {[%emt 0:01:36]} Qxd4 {[%emt 0:00:37]} 13. Nxd4 {[%emt 0:00:02]} Bxg2 {[%emt 0:00:02]} 14. Kxg2 {[%emt 0:00:02]} Nd7 {[%emt 0:00:01]} 15. Nce2 {[%emt 0:02:54]} Nb6 {[%emt 0:00:52]} 16. Rfd1 {[%emt 0:01:16]} Rc8 {[%emt 0:00:18]} 17. c3 {[%emt 0:00:04]} Rg8 {[%emt 0:01:27]} 18. Nf3 {[%emt 0:01:00]} Bf8 {[%emt 0:04:47]} 19. Rd4 {[%emt 0:01:13]} Na4 {[%emt 0:01:14]} 20. Rb1 {[%emt 0:01:58]} e5 {[%emt 0:00:16]} 21. Rdd1 {[%emt 0:01:10]} Ke7 {[%emt 0:01:09]} 22. Nh4 {[%emt 0:00:02]} Nb6 {[%emt 0:01:57]} 23. Re1 {[%emt 0:00:22]} Kd7 {[%emt 0:00:27]} 24. Ng1 {[%emt 0:01:25]} Kc6 {[%emt 0:00:14]} 25. Ngf3 {[%emt 0:00:02]} Rd8 {[%emt 0:01:03]} 26. Re2 {[%emt 0:00:17]} Bc5 {[%emt 0:00:46]} 27. Nd2 {[%emt 0:00:15]} Rge8 {[%emt 0:00:18]} 28. Ne4 {[%emt 0:00:05]} Re6 {[%emt 0:00:05]} 29. Nf5 {[%emt 0:00:06]} Bf8 {[%emt 0:00:14]} 30. Kf1 {[%emt 0:01:06]} Kc7 {[%emt 0:00:02]} 31. Ke1 {[%emt 0:00:02]} a5 {[%emt 0:00:08]} 32. Rd1 {[%emt 0:00:06]} Rxd1+ {[%emt 0:00:03]} 33. Kxd1 {[%emt 0:00:02]} Rc6 {[%emt 0:00:05]} 34. f3 {[%emt 0:00:12]} Nc4 {[%emt 0:00:09]} 35. g4 {[%emt 0:00:14]} Bc5 {[%emt 0:00:33]} 36. h4 {[%emt 0:00:10]} Ba7 {[%emt 0:00:06]} 37. h5 {[%emt 0:00:04]} a4 {[%emt 0:00:14]} 38. a3 {[%emt 0:00:03]} Bb6 {[%emt 0:00:02]} 39. Kc2 {[%emt 0:00:12]} Ba7 {[%emt 0:00:13]} 40. Re1 {[%emt 0:00:02]} Bb6 {[%emt 0:00:01]} 41. Rd1 {[%emt 0:00:03]} Ba7 {[%emt 0:00:01]} 42. Rd5 {[%emt 0:00:03]} Rb6 {[%emt 0:00:24]} 43. Nd2 {[%emt 0:00:43]} Na5 {[%emt 0:00:09]} 44. Ne4 Nc4 45. Rd1 {[%emt 0:00:13]} Rc6 {[%emt 0:00:02]} 46. Rd3 {[%emt 0:00:02]} Bg1 {[%emt 0:00:19]} 47. Rd5 {[%emt 0:00:02]} Rb6 {[%emt 0:00:04]} 48. Rd1 {[%emt 0:01:01]} Be3 {[%emt 0:00:03]} 49. Rd3 {[%emt 0:00:02]} Bg1 {[%emt 0:00:01]} 50. Nd2 {[%emt 0:00:13]} Na5 {[%emt 0:00:34]} 51. Nh6 {[%emt 0:00:03]} Nb7 {[%emt 0:00:18]} 52. Ne4 {[%emt 0:00:02]} Nd6 {[%emt 0:00:19]} 53. Nxf6 {[%emt 0:00:16]} Rc6 {[%emt 0:00:01]} 54. Nd5+ {[%emt 0:00:17]} Kd7 {[%emt 0:00:15]} 55. Nb4 {[%emt 0:00:03]} Rb6 {[%emt 0:00:04]} 56. Nxf7 {[%emt 0:00:02]} Ke6 {[%emt 0:00:02]} 57. Rxd6+ {[%emt 0:00:07]} Rxd6 {[%emt 0:00:01]} 58. Nxd6 {[%emt 0:00:03]} Kxd6 {[%emt 0:00:00]} 59. Kd3 {[%emt 0:00:08]} Bh2 {[%emt 0:00:02]} 60. Ke4 {[%emt 0:00:08]} Bf4 {[%emt 0:00:01]} 61. Nd3 {[%emt 0:00:01]} Bd2 {[%emt 0:00:03]} 62. Nxe5 {[%emt 0:00:03]} h6 {[%emt 0:00:02]} 63. Nd3 {[%emt 0:00:08]} Ke6 {[%emt 0:00:01]} 64. f4 {[%emt 0:00:03]} Kd6 {[%emt 0:00:02]} 65. Kd4 {[%emt 0:00:10]} Kc6 {[%emt 0:00:16]} 66. c4 {[%emt 0:00:02]} 1-0

[Event "RUS-chT Men Rapid 2019"]
[Site "Sochi"]
[Date "2019.10.19"]
[Round "7.8"]
[White "Khismatullin, Denis"]
[Black "Savitskiy, Sergey"]
[Result "0-1"]
[WhiteElo "2611"]
[BlackElo "2407"]
[Annotator "ChessBase"]
[PlyCount "75"]
[EventDate "2019.10.18"]
[EventType "swiss"]
[EventCountry "RUS"]
[SourceTitle "playchess.com"]
[Source "ChessBase"]
[SourceQuality "1"]
[TimeControl "900+10"]

1. d4 {[%emt 0:00:00]} d5 {[%emt 0:00:00]} 2. c4 {[%emt 0:00:00]} dxc4 {[%emt 0:00:12]} 3. e3 {[%emt 0:00:00]} e5 {[%emt 0:00:11]} 4. Bxc4 {[%emt 0:00:47]} Nc6 {[%emt 0:00:02]} 5. Nf3 {[%emt 0:00:17]} e4 {[%emt 0:00:02]} 6. Nfd2 {[%emt 0:00:03]} Qg5 {[%emt 0:00:02]} 7. Nxe4 {[%emt 0:00:30]} Qxg2 {[%emt 0:00:02]} 8. Ng3 {[%emt 0:00:02]} Nf6 {[%emt 0:00:08]} 9. Bf1 {[%emt 0:01:10]} Qd5 {[%emt 0:00:04]} 10. Nc3 {[%emt 0:00:22]} Bb4 {[%emt 0:00:03]} 11. Bd2 {[%emt 0:00:47]} Qd8 {[%emt 0:00:01]} 12. Bg2 {[%emt 0:01:05]} O-O {[%emt 0:00:18]} 13. O-O {[%emt 0:00:09]} Re8 {[%emt 0:00:27]} 14. Qc2 {[%emt 0:00:27]} Ne7 {[%emt 0:03:16]} 15. Nb5 {[%emt 0:03:01]} Bd6 {[%emt 0:05:50]} 16. Ba5 {[%emt 0:02:07]} Nc6 {[%emt 0:01:54]} 17. Nxd6 {[%emt 0:03:26]} Qxd6 {[%emt 0:00:05]} 18. Bc3 {[%emt 0:00:01]} Ne7 {[%emt 0:01:50]} 19. e4 {[%emt 0:00:15]} Qf4 {[%emt 0:00:01]} 20. Bd2 {[%emt 0:00:30]} Qh4 {[%emt 0:00:01]} 21. Qxc7 {[%emt 0:00:44]} Bh3 {[%emt 0:00:31]} 22. f3 {[%emt 0:00:28]} Ng6 {[%emt 0:01:39]} 23. Bxh3 {[%emt 0:00:48]} Qxh3 {[%emt 0:00:03]} 24. Nf5 {[%emt 0:00:02]} Nh5 {[%emt 0:00:19]} 25. Rac1 {[%emt 0:00:12]} h6 {[%emt 0:00:12]} 26. Qd7 {[%emt 0:00:56]} Kh7 {[%emt 0:00:17]} 27. Qxf7 {[%emt 0:00:21]} Rf8 {[%emt 0:00:11]} 28. Qc7 {[%emt 0:00:30]} Rac8 {[%emt 0:00:26]} 29. Qd6 {[%emt 0:00:21]} Rcd8 {[%emt 0:00:30]} 30. Qb4 {[%emt 0:00:13]} Rxf5 {[%emt 0:00:56]} 31. exf5 {[%emt 0:00:02]} Nh4 {[%emt 0:00:01]} 32. Rf2 {[%emt 0:00:20]} Nxf3+ {[%emt 0:00:01]} 33. Rxf3 {[%emt 0:00:01]} Qxf3 {[%emt 0:00:01]} 34. Qc3 {[%emt 0:00:29]} Qg4+ {[%emt 0:00:19]} 35. Kh1 {[%emt 0:00:04]} Qe4+ {[%emt 0:00:04]} 36. Kg1 {[%emt 0:00:07]} Rxd4 {[%emt 0:00:09]} 37. Qe3 {[%emt 0:00:19]} Qd5 {[%emt 0:00:24]} 38. Rc2 {[%emt 0:00:24]} 0-1

[Event "RUS-chT Men Rapid 2019"]
[Site "Sochi"]
[Date "2019.10.19"]
[Round "7.9"]
[White "Iljin, Artem"]
[Black "Yudin, Sergei"]
[Result "1/2-1/2"]
[WhiteElo "2509"]
[BlackElo "2497"]
[Annotator "TA"]
[PlyCount "23"]
[EventDate "2019.10.18"]
[EventType "swiss"]
[EventCountry "RUS"]
[SourceTitle "playchess.com"]
[Source "ChessBase"]
[SourceQuality "1"]

{[%evp 10,23,21,10,27,27,13,10,21,10,5,5,18,25,55,0]} 1. Nf3 e6 2. c4 d5 3. d4 c6 4. Qc2 dxc4 5. Qxc4 Nf6 6. Bg5 b5 {D30: Queen's Gambit Declined: Systems without Nc3} (6... Qa5+ 7. Bd2 Qc7 8. Nc3 Nbd7 9. e4 a6 10. e5 b5 11. Qb3 b4 12. Na4 Nd5 13. Rc1 Be7 14. Bd3 {0-1 (62) Vidit,S (2703)-Shankland,S (2713) Biel 2019}) 7. Qc2 Bb7 8. e3 Nbd7 9. Nbd2 a6 10. a4 Bb4 11. Be2 c5 12. dxc5 $146 ({White should try} 12. Bxf6 $14 gxf6 13. dxc5) ({Predecessor:} 12. Bxf6 gxf6 13. O-O c4 14. Ne4 {0-1 (66) Khlichkova,T (2270)-Yudin,S (2507) Khanty-Mansiysk 2018}) 1/2-1/2

[Event "RUS-chT Men Rapid 2019"]
[Site "Sochi"]
[Date "2019.10.19"]
[Round "7.10"]
[White "Khegay, Dmitriy"]
[Black "Faizrakhmanov, Ramil"]
[Result "1/2-1/2"]
[WhiteElo "2509"]
[BlackElo "2434"]
[Annotator "ChessBase"]
[PlyCount "130"]
[EventDate "2019.10.18"]
[EventType "swiss"]
[EventCountry "RUS"]
[SourceTitle "playchess.com"]
[Source "ChessBase"]
[SourceQuality "1"]
[TimeControl "900+10"]

1. e4 {[%emt 0:00:00]} c6 {[%emt 0:00:00]} 2. d4 {[%emt 0:00:00]} d5 {[%emt 0:00:00]} 3. exd5 {[%emt 0:00:00]} cxd5 {[%emt 0:00:00]} 4. Bd3 {[%emt 0:00:01]} Nc6 {[%emt 0:00:00]} 5. c3 {[%emt 0:00:01]} Nf6 {[%emt 0:00:08]} 6. h3 {[%emt 0:00:02]} Qc7 {[%emt 0:00:19]} 7. Nf3 {[%emt 0:00:01]} g6 {[%emt 0:00:06]} 8. O-O {[%emt 0:00:02]} Bf5 {[%emt 0:00:08]} 9. Be2 {[%emt 0:00:01]} Bg7 {[%emt 0:00:05]} 10. Be3 {[%emt 0:00:06]} O-O {[%emt 0:00:11]} 11. Re1 {[%emt 0:00:02]} a6 {[%emt 0:00:23]} 12. Nbd2 {[%emt 0:00:07]} b5 {[%emt 0:00:39]} 13. Qc1 {[%emt 0:00:51]} Ne4 {[%emt 0:00:27]} 14. Nxe4 {[%emt 0:00:24]} Bxe4 {[%emt 0:00:05]} 15. Nd2 {[%emt 0:00:20]} Bf5 {[%emt 0:00:05]} 16. Nb3 {[%emt 0:00:52]} Qc8 {[%emt 0:02:04]} 17. Nc5 {[%emt 0:00:13]} b4 {[%emt 0:01:01]} 18. Bh6 {[%emt 0:01:06]} bxc3 {[%emt 0:00:30]} 19. bxc3 {[%emt 0:00:02]} Bxh6 {[%emt 0:01:09]} 20. Qxh6 {[%emt 0:00:33]} e5 {[%emt 0:00:05]} 21. Qd2 {[%emt 0:00:18]} exd4 {[%emt 0:01:36]} 22. cxd4 {[%emt 0:00:01]} Qd8 {[%emt 0:00:47]} 23. Bxa6 {[%emt 0:00:22]} Ra7 {[%emt 0:00:27]} 24. Bb5 {[%emt 0:00:10]} Na5 {[%emt 0:00:26]} 25. a4 {[%emt 0:00:12]} Qh4 {[%emt 0:00:35]} 26. Re5 {[%emt 0:01:10]} Nc4 {[%emt 0:00:30]} 27. Bxc4 {[%emt 0:00:03]} dxc4 {[%emt 0:00:02]} 28. Rae1 {[%emt 0:00:07]} Raa8 {[%emt 0:00:33]} 29. Qc3 {[%emt 0:01:58]} Rfd8 {[%emt 0:01:23]} 30. R1e3 {[%emt 0:02:04]} Bd3 {[%emt 0:01:25]} 31. a5 {[%emt 0:02:42]} Qf6 {[%emt 0:01:01]} 32. a6 {[%emt 0:00:50]} Qb6 {[%emt 0:00:22]} 33. Re7 {[%emt 0:00:21]} Rd5 {[%emt 0:00:56]} 34. Re8+ {[%emt 0:01:03]} Rxe8 {[%emt 0:00:02]} 35. Rxe8+ {[%emt 0:00:01]} Kg7 {[%emt 0:00:00]} 36. Re7 {[%emt 0:00:14]} Qb1+ {[%emt 0:02:44]} 37. Re1 {[%emt 0:00:01]} Qb6 {[%emt 0:00:09]} 38. Ra1 {[%emt 0:00:15]} Qa7 {[%emt 0:00:24]} 39. Qb2 {[%emt 0:00:01]} Rd8 {[%emt 0:00:24]} 40. Qb7 {[%emt 0:00:59]} Ra8 {[%emt 0:00:12]} 41. Ra3 {[%emt 0:00:19]} Bf5 {[%emt 0:00:15]} 42. Qb4 {[%emt 0:01:00]} Rb8 {[%emt 0:00:10]} 43. Qxc4 {[%emt 0:00:43]} Rb1+ {[%emt 0:00:01]} 44. Kh2 {[%emt 0:00:01]} Qc7+ {[%emt 0:00:00]} 45. Rg3 {[%emt 0:00:01]} Qf4 {[%emt 0:00:01]} 46. Nd3 {[%emt 0:01:31]} Bxd3 {[%emt 0:00:37]} 47. Qxd3 {[%emt 0:00:06]} Ra1 {[%emt 0:00:03]} 48. Qe3 {[%emt 0:01:19]} Qd6 {[%emt 0:00:08]} 49. f4 {[%emt 0:00:12]} Rxa6 {[%emt 0:00:16]} 50. Rf3 {[%emt 0:00:06]} Ra4 {[%emt 0:00:10]} 51. Qe5+ {[%emt 0:00:01]} Qxe5 52. dxe5 h5 {[%emt 0:00:03]} 53. Kg3 {[%emt 0:00:04]} Re4 {[%emt 0:00:04]} 54. Rc3 {[%emt 0:00:03]} Re1 {[%emt 0:00:07]} 55. Kh4 {[%emt 0:00:09]} Re2 {[%emt 0:00:24]} 56. g3 {[%emt 0:00:03]} Rh2 {[%emt 0:00:15]} 57. Rc7 {[%emt 0:00:08]} Re2 {[%emt 0:00:11]} 58. g4 {[%emt 0:00:39]} hxg4 {[%emt 0:00:01]} 59. hxg4 {[%emt 0:00:00]} Re4 {[%emt 0:00:16]} 60. Kg5 {[%emt 0:00:01]} Re2 {[%emt 0:00:02]} 61. Re7 {[%emt 0:00:04]} Re1 {[%emt 0:00:11]} 62. Ra7 {[%emt 0:00:41]} Re2 {[%emt 0:00:01]} 63. Kh4 {[%emt 0:00:04]} Re4 {[%emt 0:00:06]} 64. Kg3 {[%emt 0:00:05]} g5 {[%emt 0:00:06]} 65. fxg5 {[%emt 0:00:11]} Rxe5 {[%emt 0:00:02]} 1/2-1/2

[Event "RUS-chT Men Rapid 2019"]
[Site "Sochi"]
[Date "2019.10.19"]
[Round "7.11"]
[White "Samusenko, Maksim"]
[Black "Pogromsky, Mikhail"]
[Result "1/2-1/2"]
[WhiteElo "2445"]
[BlackElo "2411"]
[Annotator "NA"]
[PlyCount "49"]
[EventDate "2019.10.18"]
[EventType "swiss"]
[EventCountry "RUS"]
[SourceTitle "playchess.com"]
[Source "ChessBase"]
[SourceQuality "1"]
[TimeControl "900+10"]

1. d4 {[%emt 0:00:00]} Nf6 {[%emt 0:00:00]} 2. Bf4 {[%emt 0:00:00]} e6 {[%emt 0:00:14]} 3. e3 {[%emt 0:00:00]} b6 {[%emt 0:00:07]} 4. Nf3 {[%emt 0:00:13]} Bb7 {[%emt 0:00:02]} 5. Nbd2 {[%emt 0:00:16]} Bd6 {[%emt 0:00:34]} 6. Bg5 {[%emt 0:01:18]} Be7 {[%emt 0:00:15]} 7. Bd3 {[%emt 0:00:16]} c5 {[%emt 0:00:26]} 8. c3 {[%emt 0:00:13]} d6 {[%emt 0:00:51]} 9. O-O {[%emt 0:00:16]} Nbd7 {[%emt 0:00:34]} 10. Qe2 {[%emt 0:00:25]} O-O {[%emt 0:00:24]} 11. h3 {[%emt 0:01:36]} Nd5 {[%emt 0:01:52]} 12. Bxe7 {[%emt 0:00:33]} Qxe7 {[%emt 0:00:07]} 13. a3 {[%emt 0:00:24]} cxd4 {[%emt 0:00:42]} 14. cxd4 {[%emt 0:00:03]} Rfc8 {[%emt 0:01:05]} 15. Rfc1 {[%emt 0:00:31]} Qd8 {[%emt 0:01:40]} 16. Qd1 {[%emt 0:01:35]} Rxc1 {[%emt 0:00:28]} 17. Rxc1 {[%emt 0:01:48]} Rc8 {[%emt 0:00:01]} 18. Rxc8 {[%emt 0:00:11]} Qxc8 {[%emt 0:00:02]} 19. Ng5 {[%emt 0:00:39]} N5f6 {[%emt 0:00:36]} 20. Nge4 {[%emt 0:00:43]} Qc6 {[%emt 0:00:40]} 21. Nxf6+ {[%emt 0:02:26]} Nxf6 {[%emt 0:00:02]} 22. e4 {[%emt 0:00:02]} h6 {[%emt 0:00:27]} 23. Kh2 {[%emt 0:01:04]} Qc7 {[%emt 0:00:46]} 24. Qe1 {[%emt 0:00:41]} Qc6 {[%emt 0:00:22]} 25. Qd1 {[%emt 0:00:20]} 1/2-1/2

[Event "RUS-chT Men Rapid 2019"]
[Site "Sochi"]
[Date "2019.10.19"]
[Round "7.12"]
[White "Ozgibcev, Anatoly"]
[Black "Ibragimov, Ildar"]
[Result "1/2-1/2"]
[WhiteElo "2367"]
[BlackElo "2538"]
[Annotator "ChessBase"]
[PlyCount "33"]
[EventDate "2019.10.18"]
[EventType "swiss"]
[EventCountry "RUS"]
[SourceTitle "playchess.com"]
[Source "ChessBase"]
[SourceQuality "1"]
[TimeControl "900+10"]

1. e4 {[%emt 0:00:00]} e6 {[%emt 0:00:00]} 2. d4 {[%emt 0:00:00]} d5 {[%emt 0:00:00]} 3. exd5 {[%emt 0:00:03]} exd5 {[%emt 0:00:00]} 4. Nf3 {[%emt 0:00:01]} Nc6 {[%emt 0:00:06]} 5. Bb5 {[%emt 0:00:11]} Bd6 {[%emt 0:00:16]} 6. c4 {[%emt 0:00:16]} dxc4 {[%emt 0:00:33]} 7. d5 {[%emt 0:00:11]} a6 {[%emt 0:00:01]} 8. Ba4 {[%emt 0:00:05]} b5 {[%emt 0:00:02]} 9. dxc6 {[%emt 0:00:25]} bxa4 {[%emt 0:00:08]} 10. Qxa4 {[%emt 0:00:24]} Bg4 {[%emt 0:01:53]} 11. Nbd2 {[%emt 0:04:59]} Qe7+ {[%emt 0:00:06]} 12. Kd1 {[%emt 0:00:01]} Qd8 {[%emt 0:04:25]} 13. Qxc4 {[%emt 0:01:14]} Nf6 {[%emt 0:01:40]} 14. Re1+ {[%emt 0:01:06]} Kf8 {[%emt 0:00:02]} 15. Ke2 {[%emt 0:00:36]} Be6 16. Qc2 Bd5 17. Kf1 1/2-1/2

[Event "RUS-chT Men Rapid 2019"]
[Site "Sochi"]
[Date "2019.10.19"]
[Round "7.13"]
[White "Yatzenko, Anton"]
[Black "Drygalov, Andrey"]
[Result "1/2-1/2"]
[WhiteElo "2383"]
[BlackElo "2484"]
[Annotator "ChessBase"]
[PlyCount "134"]
[EventDate "2019.10.18"]
[EventType "swiss"]
[EventCountry "RUS"]
[SourceTitle "playchess.com"]
[Source "ChessBase"]
[SourceQuality "1"]
[TimeControl "900+10"]

1. d4 {[%emt 0:00:00]} Nf6 {[%emt 0:00:00]} 2. Nf3 {[%emt 0:00:00]} g6 {[%emt 0:00:00]} 3. Bg5 {[%emt 0:00:00]} Bg7 {[%emt 0:00:00]} 4. Nbd2 {[%emt 0:00:00]} d6 {[%emt 0:00:00]} 5. c3 {[%emt 0:00:00]} O-O {[%emt 0:00:02]} 6. e4 {[%emt 0:00:00]} c5 {[%emt 0:00:04]} 7. dxc5 {[%emt 0:00:00]} dxc5 {[%emt 0:00:01]} 8. Be2 {[%emt 0:00:00]} Nc6 {[%emt 0:00:14]} 9. O-O {[%emt 0:00:00]} h6 {[%emt 0:00:11]} 10. Bh4 {[%emt 0:00:01]} Nh5 {[%emt 0:00:44]} 11. Qc2 {[%emt 0:00:21]} g5 {[%emt 0:02:24]} 12. Bg3 {[%emt 0:00:01]} Nxg3 {[%emt 0:00:01]} 13. hxg3 {[%emt 0:00:01]} Qc7 {[%emt 0:00:08]} 14. Rfe1 {[%emt 0:00:10]} Be6 {[%emt 0:00:45]} 15. Nc4 {[%emt 0:00:02]} Rad8 {[%emt 0:00:35]} 16. Rad1 {[%emt 0:00:36]} Na5 {[%emt 0:00:13]} 17. Nxa5 {[%emt 0:01:56]} Qxa5 {[%emt 0:00:02]} 18. a3 {[%emt 0:00:01]} Qb6 {[%emt 0:00:18]} 19. Nd2 {[%emt 0:00:02]} Qc7 {[%emt 0:00:59]} 20. Nc4 {[%emt 0:00:40]} Rxd1 {[%emt 0:01:00]} 21. Rxd1 {[%emt 0:00:00]} Rd8 {[%emt 0:00:08]} 22. Rxd8+ {[%emt 0:00:16]} Qxd8 {[%emt 0:00:01]} 23. Ne3 {[%emt 0:00:01]} Bc8 {[%emt 0:00:58]} 24. Nf5 {[%emt 0:01:20]} Bf8 {[%emt 0:00:08]} 25. Bc4 {[%emt 0:01:26]} e6 {[%emt 0:00:05]} 26. Ne3 {[%emt 0:00:01]} Bg7 {[%emt 0:00:15]} 27. Qe2 {[%emt 0:01:21]} a6 {[%emt 0:00:26]} 28. Ng4 {[%emt 0:00:05]} b5 {[%emt 0:00:16]} 29. Ba2 {[%emt 0:01:21]} h5 {[%emt 0:00:38]} 30. Ne3 {[%emt 0:00:03]} g4 {[%emt 0:00:01]} 31. Bb1 {[%emt 0:01:48]} c4 {[%emt 0:01:15]} 32. Bc2 {[%emt 0:00:01]} Bb7 {[%emt 0:00:18]} 33. Kh2 {[%emt 0:01:09]} Qd6 {[%emt 0:00:07]} 34. a4 {[%emt 0:00:48]} Bc6 {[%emt 0:01:41]} 35. axb5 {[%emt 0:00:02]} axb5 {[%emt 0:00:00]} 36. f3 {[%emt 0:01:37]} Bh6 {[%emt 0:03:04]} 37. f4 {[%emt 0:00:07]} f6 {[%emt 0:00:25]} 38. b3 {[%emt 0:00:35]} cxb3 {[%emt 0:00:16]} 39. Bxb3 {[%emt 0:00:01]} Kh8 {[%emt 0:00:27]} 40. c4 {[%emt 0:02:31]} b4 {[%emt 0:00:31]} 41. c5 {[%emt 0:00:01]} Qxc5 {[%emt 0:01:56]} 42. Bxe6 {[%emt 0:00:02]} Bf8 {[%emt 0:00:21]} 43. Nxg4 {[%emt 0:01:19]} Bb5 {[%emt 0:00:44]} 44. Qf3 {[%emt 0:00:11]} Qe7 {[%emt 0:00:13]} 45. Ne3 {[%emt 0:00:58]} Qxe6 {[%emt 0:00:07]} 46. Qxh5+ {[%emt 0:00:01]} Kg8 {[%emt 0:00:01]} 47. Qxb5 {[%emt 0:00:02]} Qxe4 {[%emt 0:00:01]} 48. Nd5 {[%emt 0:00:20]} Qh7+ {[%emt 0:00:06]} 49. Kg1 {[%emt 0:00:09]} Qb1+ {[%emt 0:00:01]} 50. Kh2 {[%emt 0:00:05]} Qh7+ {[%emt 0:00:02]} 51. Kg1 {[%emt 0:00:10]} Qb1+ {[%emt 0:00:01]} 52. Kh2 {[%emt 0:01:00]} Qh7+ {[%emt 0:01:05]} 53. Kg1 {[%emt 0:00:00]} Qg6 {[%emt 0:00:14]} 54. f5 {[%emt 0:00:57]} Qxg3 {[%emt 0:00:12]} 55. Nxf6+ {[%emt 0:00:01]} Kh8 {[%emt 0:00:10]} 56. Ne8 {[%emt 0:00:14]} Qe1+ {[%emt 0:00:03]} 57. Kh2 {[%emt 0:00:01]} Qh4+ 58. Kg1 Qe1+ {[%emt 0:00:21]} 59. Kh2 {[%emt 0:00:00]} Qh4+ {[%emt 0:00:12]} 60. Kg1 {[%emt 0:00:01]} Qd4+ {[%emt 0:00:02]} 61. Kh2 {[%emt 0:00:24]} b3 {[%emt 0:00:18]} 62. Qxb3 {[%emt 0:00:23]} Qe5+ {[%emt 0:00:01]} 63. Qg3 {[%emt 0:00:23]} Qxe8 {[%emt 0:00:03]} 64. Qh4+ {[%emt 0:00:06]} Kg8 {[%emt 0:00:15]} 65. Qg5+ {[%emt 0:00:01]} Kh8 {[%emt 0:00:06]} 66. Qh4+ {[%emt 0:00:02]} Kg8 {[%emt 0:00:20]} 67. Qg5+ {[%emt 0:00:01]} Kh8 {[%emt 0:00:00]} 1/2-1/2